[Event "Guba op"]
[Site "Guba"]
[Date "2025.07.19"]
[Round "5"]
[White "Babayev, Kamran"]
[Black "Soltanov, Teymur"]
[Result "1/2-1/2"]
[WhiteElo "1767"]
[BlackElo "1841"]
[PlyCount "39"]
[EventDate "2025.07.16"]
[EventType "swiss"]
[EventRounds "9"]
[EventCountry "AZE"]
[SourceTitle "CB30_2025"]
[SourceDate "2025.07.23"]
[SourceVersion "1"]
[SourceVersionDate "2025.07.23"]
[SourceQuality "1"]

1. e4 c6 2. Nc3 d5 3. Nf3 Bg4 4. h3 Bxf3 5. Qxf3 dxe4 6. Nxe4 Nd7 7. d4 Ngf6 8. Be3 Nxe4 9. Qxe4 Nf6 10. Qf3 e6 11. Bd3 Qd5 12. Qxd5 Nxd5 13. Bd2 Rd8 14. c3 Be7 15. Rd1 0-0 16. 0-0 c5 17. dxc5 Bxc5 18. c4 Nb4 19. Bxb4 Bxb4 20. Be2 1/2-1/2

[Event "Guba op"]
[Site "Guba"]
[Date "2025.07.17"]
[Round "2"]
[White "Babayev, Kamran"]
[Black "Ughuzov, Ravan"]
[Result "0-1"]
[WhiteElo "1767"]
[BlackElo "2295"]
[PlyCount "100"]
[EventDate "2025.07.16"]
[EventType "swiss"]
[EventRounds "9"]
[EventCountry "AZE"]
[SourceTitle "CB30_2025"]
[SourceDate "2025.07.23"]
[SourceVersion "1"]
[SourceVersionDate "2025.07.23"]
[SourceQuality "1"]

1. e4 c6 2. Nc3 d5 3. Nf3 dxe4 4. Nxe4 Nf6 5. Nxf6+ exf6 6. d4 Bd6 7. Bd3 0-0 8. 0-0 Bg4 9. h3 Bh5 10. Re1 Bc7 11. Be3 Qd6 12. c4 Ba5 13. Rf1 Re8 14. g4 Bg6 15. Bxg6 hxg6 16. Qd3 Nd7 17. Rad1 Rad8 18. Qc2 g5 19. a3 Bc7 20. b4 b6 21. Rfe1 Nf8 22. c5 Qd5 23. Qf5 Qxf5 24. gxf5 Rd5 25. cxb6 Bxb6 26. Rc1 Rxf5 27. Kg2 Re6 28. Rc4 Ng6 29. Bd2 Rxe1 30. Nxe1 Ne7 31. a4 Rd5 32. Nf3 a6 33. Be3 Kf8 34. Kf1 Ke8 35. Nd2 Kd7 36. Ne4 Nf5 37. Nc5+ Bxc5 38. bxc5 Kc7 39. a5 Rd8 40. Rb4 Ne7 41. Ke2 Nd5 42. Rb3 Rh8 43. Bd2 Rb8 44. Rxb8 Kxb8 45. Kf3 Kc7 46. Kg4 Kd7 47. h4 gxh4 48. Kxh4 Ke6 49. Kg4 Ne7 50. Kf3 Kd5 0-1

[Event "Guba op"]
[Site "Guba"]
[Date "2025.07.16"]
[Round "1"]
[White "Maklakova, Naomi"]
[Black "Babayev, Kamran"]
[Result "1/2-1/2"]
[WhiteElo "1996"]
[BlackElo "1767"]
[PlyCount "115"]
[EventDate "2025.07.16"]
[EventType "swiss"]
[EventRounds "9"]
[EventCountry "AZE"]
[SourceTitle "CB30_2025"]
[SourceDate "2025.07.23"]
[SourceVersion "1"]
[SourceVersionDate "2025.07.23"]
[SourceQuality "1"]

1. e4 e6 2. d4 d5 3. Nc3 Nf6 4. e5 Nfd7 5. f4 c5 6. Nf3 Nc6 7. Be3 Be7 8. Qd2 0-0 9. dxc5 Nxc5 10. 0-0-0 a6 11. Qf2 Nd7 12. Kb1 b5 13. Ne2 Bb7 14. Ned4 Rc8 15. g4 Qa5 16. Nxc6 Bxc6 17. Bd3 b4 18. f5 Bb5 19. g5 Bxd3 20. Rxd3 Nc5 21. Bxc5 Qxc5 22. Nd4 Qc7 23. f6 Bc5 24. Qe2 g6 25. Rc1 Bxd4 26. Rxd4 Qc5 27. Qg4 Rfd8 28. Qh4 h5 29. gxh6 Kh7 30. Qf4 a5 31. h4 a4 32. Rxb4 d4 33. Rb7 a3 34. h5 Rc7 35. hxg6+ fxg6 36. Rxc7+ Qxc7 37. f7 Qe7 38. b3 Rf8 39. Rf1 d3 40. cxd3 Qd7 41. Rf3 Qe7 42. Rf2 Qd7 43. d4 Qb5 44. Qf3 Qb4 45. Qe3 Qb7 46. Qf3 Qb4 47. Qe4 Qb5 48. Rf6 Kh8 49. Qf3 Kh7 50. Qe4 Kh8 51. Rf3 Kh7 52. Qe3 Qb4 53. Rf6 Qb5 54. Qg3 Kh8 55. Qxg6 Rxf7 56. Rxf7 Qf1+ 57. Kc2 Qb1+ 58. Kxb1 1/2-1/2

[Event "Lancaran op-A"]
[Site "Lancaran"]
[Date "2025.07.11"]
[Round "6"]
[White "Novruzov, Emin"]
[Black "Babayev, Kamran"]
[Result "0-1"]
[WhiteElo "1950"]
[BlackElo "1767"]
[PlyCount "100"]
[EventDate "2025.07.07"]
[EventType "swiss"]
[EventRounds "9"]
[EventCountry "AZE"]
[SourceTitle "CB29_2025"]
[SourceDate "2025.07.16"]
[SourceVersion "1"]
[SourceVersionDate "2025.07.16"]
[SourceQuality "1"]

1. e4 e6 2. d4 d5 3. exd5 exd5 4. Nf3 Nf6 5. Bg5 Be7 6. Nc3 0-0 7. Be2 Bf5 8. Qd2 c6 9. h3 Ne4 10. Nxe4 Bxe4 11. 0-0-0 b5 12. h4 f6 13. Bf4 Bd6 14. Bd3 Bxd3 15. cxd3 Qc7 16. Bxd6 Qxd6 17. Kb1 Nd7 18. g4 Rae8 19. Rhg1 Re7 20. Rde1 Rfe8 21. g5 f5 22. Rxe7 Rxe7 23. Re1 g6 24. Qc3 b4 25. Qc1 Re6 26. Qd2 a5 27. Kc2 Kf7 28. Rxe6 Qxe6 29. a3 Qd6 30. axb4 axb4 31. Qe3 c5 32. dxc5 Nxc5 33. Qd4 b3+ 34. Kd2 Kg8 35. Qe3 Ne6 36. d4 Qb6 37. Qc3 Qb7 38. Ne5 Nd8 39. Qc5 Ne6 40. Qa5 Nxd4 41. Qd8+ Kg7 42. Qf6+ Kg8 43. Qd8+ Kg7 44. Qf6+ Kg8 45. Kd3 Nc2 46. Qd8+ Kg7 47. Qf6+ Kg8 48. Qd8+ Kg7 49. Nd7 Qb5+ 50. Kd2 Qb4+ 0-1

[Event "Lancaran op-A"]
[Site "Lancaran"]
[Date "2025.07.07"]
[Round "1"]
[White "Babayev, Kamran"]
[Black "Huseynova, Lala"]
[Result "1/2-1/2"]
[WhiteElo "1767"]
[BlackElo "2045"]
[PlyCount "119"]
[EventDate "2025.07.07"]
[EventType "swiss"]
[EventRounds "9"]
[EventCountry "AZE"]
[SourceTitle "CB29_2025"]
[SourceDate "2025.07.16"]
[SourceVersion "1"]
[SourceVersionDate "2025.07.16"]
[SourceQuality "1"]

1. e4 c5 2. Nc3 d6 3. g3 g6 4. Bg2 Bg7 5. d3 Nc6 6. f4 e6 7. Nf3 Nge7 8. 0-0 a6 9. a4 0-0 10. h3 Rb8 11. Be3 Nd4 12. g4 Nec6 13. Qd2 b5 14. axb5 axb5 15. Bxd4 Nxd4 16. Nxd4 Bxd4+ 17. Kh1 Qh4 18. Nd1 f5 19. c3 Bg7 20. Qf2 Qxf2 21. Rxf2 b4 22. exf5 gxf5 23. g5 Bd7 24. c4 Bd4 25. Re2 e5 26. Ra6 Be8 27. Bd5+ Kh8 28. Rxd6 Bh5 29. Re1 exf4 30. Rh6 Rbe8 31. Rxe8 Bxe8 32. b3 Bg6 33. Kg2 Re8 34. Kf1 Re7 35. Bc6 Re6 36. Bd7 Rd6 37. Ba4 Bg7 38. Rh4 Rxd3 39. Ke2 Rd4 40. Ke1 Re4+ 41. Kd2 f3 42. Rxe4 fxe4 43. Ke1 Bd4 44. Bc6 h5 45. gxh6 Kh7 46. Kf1 Kxh6 47. Nf2 e3 48. Ng4+ Kg5 49. Bxf3 Bd3+ 50. Ke1 Kf4 51. Be2 Bc2 52. Bd1 Bc3+ 53. Ke2 Bxd1+ 54. Kxd1 Kf3 55. Nh2+ Kf2 56. Ng4+ Kf3 57. Nh2+ Kg3 58. Ng4 Bd4 59. Ke2 Kf4 60. Nh2 1/2-1/2

[Event "Wch U10 rapid"]
[Site "Batumi"]
[Date "2023.06.06"]
[Round "3"]
[White "Babayev, Kamran"]
[Black "Keerthi Kumar, Advait"]
[Result "1/2-1/2"]
[WhiteElo "1282"]
[BlackElo "1656"]
[PlyCount "73"]
[EventDate "2023.06.06"]
[EventType "swiss (rapid)"]
[EventRounds "11"]
[EventCountry "GEO"]
[SourceTitle "EXT 2024"]
[Source "ChessBase"]
[SourceDate "2023.10.10"]
[SourceVersion "1"]
[SourceVersionDate "2023.10.10"]
[SourceQuality "1"]
[WhiteTeam "Azerbaijan"]
[BlackTeam "England"]
[WhiteTeamCountry "AZE"]
[BlackTeamCountry "ENG"]

1. e4 c5 2. Nc3 Nc6 3. g3 g6 4. Bg2 Bg7 5. d3 Nf6 6. f4 d6 7. Nf3 0-0 8. 0-0 e6 9. h3 d5 10. e5 Nd7 11. Re1 Ne7 12. g4 Rb8 13. a3 a6 14. Ne2 b5 15. c3 Bb7 16. Be3 Rc8 17. Ng3 Kh8 18. Kh2 f6 19. exf6 Rxf6 20. d4 c4 21. Ne5 Rf8 22. Re2 Nxe5 23. fxe5 Qd7 24. Qd2 Ng8 25. Ree1 Rf7 26. Rf1 Rcf8 27. Rxf7 Rxf7 28. Rf1 Rxf1 29. Nxf1 Qf7 30. Qf2 Qxf2 31. Bxf2 Bh6 32. Be3 Bxe3 33. Nxe3 Kg7 34. g5 Ne7 35. h4 Nf5 36. Nxf5+ gxf5 37. h5 1/2-1/2